000 00523nam a2200193Ia 4500
005 20250508162654.0
008 008 250505s9999 xx 000 0 eng d
037 _aTextual
040 _aFEDL
_beng
_cFEDL
041 _aeng
_2eng
084 _a374, UNE
_qFEDL
100 _aHamadache Ali
_9620178
245 0 _aTheory and practice of literacy work : Policies, strategies and examples
245 0 _cUNESCO
260 _c1986
300 _a232p.
942 _cTEXL
_h374, UNE
999 _c1377966
_d1377966